| 000 | 00457nab a2200145Ia 4500 | ||
|---|---|---|---|
| 003 | ES-SlBCS | ||
| 005 | 20210601125231.0 | ||
| 008 | 140529s1973 xxu||||| |||| 00| 0 eng d | ||
| 041 | _aeng | ||
| 100 | 1 |
_aHerman, A. L. _9155757 |
|
| 245 | 0 | 0 |
_aC. I. Lewis and the Similetic Use of Language _c A. L. Herman |
| 600 | 1 |
_aLewis, C. I.-Lenguaje _9155758 |
|
| 773 | 0 |
_tPhilosophy and Phenomenological Research _gvol. 33, 1973, págs. 349-365 _wRev1411 |
|
| 942 | _cAR | ||
| 999 |
_c526954 _d526954 |
||